000 00730nam a22002177a 4500
003 OSt
005 20240911103642.0
008 240911b ||||| |||| 00| 0 eng d
040 _cAIMIT LIBRARY
100 _aQazi, Maaz Mohsin.
_e2216090
_9179027
245 _aStudy on factors affecting employee retention in M N Chemical Ltd, Kumta /
_cBy Maaz Mohsin Qazi; Guided by Beena Dias.
260 _aKumta;
_c2024.
650 _aIndustry profile
_9179028
650 _aCompany profile
_9179029
650 _aResearch questions
_9179030
650 _aData source
_9179031
650 _aSampling design
_9179032
700 _aDias, Beena.
_eGuide.
_9179033
856 _3M N Chemicals Ltd.
_uwww.mnchemicals.co.in
942 _2ddc
_cPRO
999 _c231799
_d231799